|
|
|
|
| LEADER |
01219nam a2200337 a 4500 |
| 001 |
000486698 |
| 003 |
CZ BrMZK |
| 005 |
20080811092451.0 |
| 007 |
ta |
| 008 |
000115s2000 xr e f cze d |
| 015 |
|
|
|a cnb000970727
|
| 020 |
|
|
|a 80-7186-452-8
|
| 035 |
|
|
|a (OCoLC)85003770
|
| 040 |
|
|
|a BOA001
|b cze
|
| 072 |
|
7 |
|a 37.016
|x Učební osnovy. Vyučovací předměty. Učebnice
|2 Konspekt
|9 22
|
| 080 |
|
|
|a 37.016:511-028.31
|2 MRF
|
| 080 |
|
|
|a (072)
|2 MRF
|
| 100 |
1 |
|
|a Morgan, Nicole,
|d 1959-
|7 jn20001005630
|4 aut
|
| 245 |
1 |
0 |
|a Jednoduché sčítání :
|b [příprava na první třídu] /
|c napsala Nicola Morganová ; ilustrace John Haslam
|
| 250 |
|
|
|a 1. vyd.
|
| 260 |
|
|
|a V Praze :
|b Egmont ČR,
|c 2000
|
| 300 |
|
|
|a 32 s., [59] samolepek na příl. :
|b barev. il. ;
|c 28 cm
|
| 490 |
1 |
|
|a Vím, jak na to
|
| 500 |
|
|
|a Překlad z angličtiny. - Věk 3-5 let.
|
| 650 |
0 |
7 |
|a počítání
|7 ph124522
|2 czenas
|
| 655 |
|
7 |
|a metodické příručky
|7 fd132826
|2 czenas
|
| 700 |
1 |
|
|a Haslam, John,
|d 1949-
|7 jn20001005631
|4 ill
|
| 830 |
|
0 |
|a Vím, jak na to
|0 s
|
| 910 |
|
|
|a BOA001
|b 4-1074.732
|
| 990 |
|
|
|a BK
|
| 996 |
6 |
|
|b 2610117691
|c 4-1074.732
|l MZK
|r Sklad / do 1 hodiny
|n 1
|p p.v.
|w 000486698
|u 000010
|a 1
|e BOA001
|j MZK50
|s P
|